African Footballer of the Year - Top 3 since 2000 - Statistics

General Stats
  • This quiz has been taken 181 times
  • The average score is 11 of 25
Answer Stats
Joueur % Correct
Mohamed Salah
99%
Mohamed Salah
99%
Didier Drogba
95%
Sadio Mané
94%
Samuel Eto'o
90%
Riyad Mahrez
77%
Yaya Touré
77%
Michael Essien
55%
Pierre-Emerick Aubameyang
55%
Jay-Jay Okocha
45%
Seydou Keita
41%
Emmanuel Adebayor
38%
El-Hadji Diouf
34%
John Obi Mikel
34%
André Ayew
30%
Alex Song
28%
Asamoah Gyan
26%
Frédéric Kanouté
22%
Papa Bouba Diop
14%
Lauren
12%
Mido
7%
Patrick Mboma
7%
Samuel Kuffour
7%
Vincent Enyeama
7%
Mohamed Abou Trika
6%
No matching quizzes found
Score Distribution
Percent of People with Each Score
Percentile by Number Answered
Your Score History
You have not taken this quiz